00539nam a2200169Ia 4500008004100000020001500041041000800056082001300064100003600077245003000113250000600143260003800149300001200187650002600199999001900225952012500244210716s2007 xx 000 0 und d a8176566632 aeng a004 SINP aSinha, Pradeep K; Sinha, Priti. aFoundations of computing. a1 aNew DelhibBPB Publicationsc2007 axxv,724 aComputer Fundamentals c188814d188814 001040708MCAaAIMITbAIMITeAthulya Booksg450.00l0o004 SINPpMCA08322r2025-07-21 00:00:00v351.00w2021-07-16yBK